| 000 | 01308cam a22003254a 4500 | ||
|---|---|---|---|
| 001 | 13159185 | ||
| 005 | 20170105102841.0 | ||
| 008 | 030411s2003 coua b 001 0 eng | ||
| 010 | _a 2003046717 | ||
| 020 | _a1588261972 (alk. paper) | ||
| 020 | _a1588261727 (pbk. : alk. paper) | ||
| 040 |
_aDLC _cDLC _dDLC |
||
| 042 | _apcc | ||
| 050 | 0 | 0 |
_aHB195 _b.P635 2003 |
| 082 | 0 | 0 |
_a303.64 _221 |
| 245 | 0 | 4 |
_aThe political economy of armed conflict : _bbeyond greed and grievance / _cedited by Karen Ballentine and Jake Sherman. |
| 260 |
_aBoulder, Co. : _bLynne Rienner Publishers, _c2003. |
||
| 300 |
_aix, 317 p. : _bill. ; _c24 cm. |
||
| 500 | _a"A project of the International Peace Academy." | ||
| 504 | _aIncludes bibliographical references and index. | ||
| 650 | 0 |
_aCivil war _xEconomic aspects _vCase studies. |
|
| 650 | 0 |
_aWar _xEconomic aspects _vCase studies. |
|
| 700 | 1 | _aBallentine, Karen. | |
| 700 | 1 | _aSherman, Jake. | |
| 710 | 2 | _aInternational Peace Academy. | |
| 856 | 4 | 1 |
_3Table of contents _uhttp://www.loc.gov/catdir/toc/fy038/2003046717.html |
| 906 |
_a7 _bcbc _corignew _d1 _eocip _f20 _gy-gencatlg |
||
| 942 |
_2ddc _cBK |
||
| 999 |
_c13860 _d13860 |
||